| 000 | 00685nam a22001577a 4500 | ||
|---|---|---|---|
| 003 | OSt | ||
| 005 | 20150928183647.0 | ||
| 008 | 150928b xxu||||| |||| 00| 0 eng d | ||
| 040 | _cRUA | ||
| 082 | _aATM.Sp KIM 2003 B059 Or.1 | ||
| 100 |
_91532 _aKIM, SAMITH. |
||
| 245 | _aComparison of yield long bean varieties in royal university of agriculture condition dry season 2003, ការពិសោធន៍ប្រៀបធៀបពូជសណ្ដែកទ្រើងក្នុងលក្ខខ័ណ្ឌសាកលវិទ្យាល័យភូមិន្ទកសិកម្ម | ||
| 260 |
_aPhnom Penh _bRUA _c2003 |
||
| 300 |
_a39p. _bill. _c29cm. |
||
| 942 |
_2ddc _cATMSP |
||
| 999 |
_c1439 _d1439 |
||